[Event "AUTO-ELITE-1425"]
[Site "http://www.queenalice.com/game.php?id=1329484"]
[Date "2014.12.21"]
[Round "1"]
[White "juli1"]
[Black "tucot"]
[Result "1-0"]
[WhiteElo "2598"]
[BlackElo "2362"]

1. d4 Nf6 2. g3 g6 3. Bg2 c5 4. dxc5 Qa5+ 5. Nc3 Bg7 6. Qd4 Na6 7. Be3 O-O 8.
O-O-O Ne8 9. Qc4 d6 10. Nd5 Be6 11. Nxe7+ Kh8 12. Nd5 Rc8 13. Kb1 b5 14. Qb3
dxc5 15. Qa3 Qxa3 16. bxa3 Rd8 17. Nh3 Nd6 18. Bg5 f6 19. Bd2 Nc4 20. Nhf4 Bf7
21. h4 Nxa3+ 22. Kc1 f5 23. h5 gxh5 24. Nxh5 Rxd5 25. Bxd5 Bxd5 26. Rh4 Be5 27.
Bh6 Rd8 28. Bg5 Rd6 29. Be7 1-0

[Event "AUTO-ELITE-1425"]
[Site "http://www.queenalice.com/game.php?id=1329489"]
[Date "2014.12.21"]
[Round "1"]
[White "TigranPetrosian"]
[Black "juli1"]
[Result "0-1"]
[WhiteElo "2253"]
[BlackElo "2608"]

1. d4 d5 2. c4 e6 3. Nc3 c6 4. e3 Nf6 5. Nf3 Nbd7 6. Qc2 Bd6 7. b3 O-O 8. Be2 b6
9. Bb2 Qe7 10. O-O Bb7 11. Rfd1 Rad8 12. Rac1 Rfe8 13. e4 dxe4 14. Nxe4 Nxe4 15.
Qxe4 Nf6 16. Qh4 c5 17. h3 Ne4 18. Qxe7 Bxe7 19. dxc5 Bxc5 20. Bd4 Ba3 21. Ra1
f6 22. Kf1 Kf7 23. Rd3 e5 24. Be3 Rxd3 25. Bxd3 Rd8 26. Bc2 Bc6 27. Bxe4 Bxe4
28. Nd2 Bg6 29. Ke2 Bd3+ 30. Kf3 f5 31. g3 h6 32. h4 Kf6 33. h5 e4+ 34. Kg2 Be2
0-1

[Event "AUTO-ELITE-1425"]
[Site "http://www.queenalice.com/game.php?id=1329490"]
[Date "2014.12.21"]
[Round "1"]
[White "juli1"]
[Black "TigranPetrosian"]
[Result "1-0"]
[WhiteElo "2607"]
[BlackElo "2254"]

1. d4 Nf6 2. c4 g6 3. Nf3 Bg7 4. g3 O-O 5. Bg2 d6 6. O-O Nbd7 7. Nc3 e5 8. e4 c6
9. h3 Qa5 10. Re1 exd4 11. Nxd4 Ne5 12. Bf1 Re8 13. Be3 Be6 14. Nxe6 Rxe6 15.
Kg2 Rae8 16. Rb1 Ned7 17. f3 a6 18. Qd2 b5 19. b4 Qc7 20. a4 bxa4 21. Nxa4 h5
22. Bf2 Qb7 23. Nc3 1-0

[Event "AUTO-ELITE-1373"]
[Site "http://www.queenalice.com/game.php?id=1329824"]
[Date "2014.12.22"]
[Round "2"]
[White "Tromat"]
[Black "juli1"]
[Result "0-1"]
[WhiteElo "2465"]
[BlackElo "2629"]

1. e4 e5 2. Nf3 Nc6 3. Bc4 Bc5 4. c3 Nf6 5. d3 d6 6. h3 a6 7. Bb3 O-O 8. O-O h6
9. Nbd2 Ba7 10. Re1 Be6 11. Bc2 Re8 12. Nf1 d5 13. exd5 Nxd5 14. Ng3 Qd6 15. Nh4
Qe7 16. Qh5 Qd8 17. Bd2 Nf6 18. Qf3 Qd5 19. Ne4 Nxe4 20. Rxe4 Rad8 21. Nf5 Bxf5
22. Qxf5 Re6 23. Be3 Bxe3 24. Rxe3 g6 25. Qg4 Qc5 26. Qe2 Rf6 27. Qd2 a5 28. a3
Qd5 29. Qe1 Kg7 30. Bd1 Qb5 31. b4 Qb6 32. Rb1 axb4 33. axb4 Nb8 34. Rxe5 Rxd3
35. Bc2 Rd8 36. h4 Nc6 37. Re4 h5 38. Ra1 Qb5 39. Bb3 Qf5 40. Ra2 b5 41. Re3 Qg4
42. g3 Qf5 43. Rae2 Qd7 44. Kh2 Qg4 45. f4 Rfd6 46. Bc2 Rd5 47. Kg2 R8d6 48. Be4
Rd1 49. Qf2 Qd7 50. Bc2 R1d5 51. Kg1 Qh3 52. Qf3 Rd2 53. f5 Rxe2 54. Qxe2 gxf5
55. Qxh5 Ne7 56. Qe2 Ng6 0-1

[Event "AUTO-ELITE-1373"]
[Site "http://www.queenalice.com/game.php?id=1329825"]
[Date "2014.12.22"]
[Round "2"]
[White "juli1"]
[Black "Tromat"]
[Result "1/2-1/2"]
[WhiteElo "2628"]
[BlackElo "2512"]

1. d4 d5 2. Nf3 Nf6 3. c4 c6 4. Qc2 g6 5. Bf4 Bf5 6. Qb3 Qc8 7. e3 Bg7 8. Nc3
Be6 9. Bg3 O-O 10. cxd5 cxd5 11. Ng5 Nc6 12. Nxe6 Qxe6 13. Be2 Qd7 14. O-O e6
15. Rfc1 Rfc8 16. h4 h5 17. Bf4 Kh7 18. Bd3 Bh6 19. Bg3 Ng4 20. Qd1 Qd8 21. Qe2
Bf8 22. f3 Nh6 23. Re1 Be7 24. Qf2 Nb4 25. Bb1 Nc6 26. a3 Bf6 27. Bd3 Na5 28.
Rad1 Nc4 29. Re2 Nxb2 30. Rxb2 Rxc3 31. Rxb7 Rac8 32. a4 Qa5 33. Bf4 Qxa4 34.
Bxg6+ Kxg6 35. Qg3+ Kh7 36. Bxh6 Qxd1+ 37. Kh2 R8c7 38. Rxc7 Rxc7 39. Qxc7 Kxh6
40. Qxf7 Bxh4 41. Qxe6+ Kh7 42. Qxd5 Qe1 43. Qxh5+ Kg8 44. Qg6+ Kf8 45. Qf5+ Ke7
46. Qc5+ Ke8 47. Qc8+ Ke7 48. Qc7+ Ke8 49. Qc6+ Ke7 1/2-1/2

[Event "AUTO-ELITE-1373"]
[Site "http://www.queenalice.com/game.php?id=1329826"]
[Date "2014.12.22"]
[Round "2"]
[White "powerrangel"]
[Black "juli1"]
[Result "1/2-1/2"]
[WhiteElo "2569"]
[BlackElo "2629"]

1. e4 c5 2. Nf3 Nc6 3. d4 cxd4 4. Nxd4 g6 5. Nc3 Bg7 6. Be3 Nf6 7. Bc4 O-O 8.
Bb3 d6 9. f3 Bd7 10. Qd2 Nxd4 11. Bxd4 b5 12. h4 a5 13. a4 bxa4 14. Nxa4 Be6 15.
Nb6 Ra6 16. Nd5 Bxd5 17. exd5 Qc7 18. Ra4 Rb8 19. Kf2 h5 20. Re1 Ne8 21. Bxg7
Nxg7 22. g3 Ra7 23. Kg2 Kh7 24. g4 Qc8 25. Re3 Rc7 26. Qd3 Rbb7 27. Rf4 Kg8 28.
Re2 Qf8 29. Qd2 Rc5 30. Ra4 Rcb5 31. Qc3 Rc5 32. Qd2 Rcb5 33. Qc3 hxg4 34. fxg4
f5 35. g5 Rc5 36. Qd4 Qb8 37. Kf2 Rcb5 38. Rc4 Rb4 39. Re3 Rxc4 40. Bxc4 a4 41.
b4 Qa8 42. Ba2 a3 43. c3 Nh5 44. Ke1 Qa6 45. Rf3 Qb5 46. Kd1 Rc7 47. Kd2 Ng7 48.
Qd3 Qb7 49. b5 Kh7 50. c4 e5 51. dxe6 Nxe6 52. Qd5 Qxd5+ 53. cxd5 Nd4 54. Rxa3
Nxb5 55. Ra6 Nc3 56. Rc6 1/2-1/2

[Event "AUTO-ELITE-1373"]
[Site "http://www.queenalice.com/game.php?id=1329827"]
[Date "2014.12.22"]
[Round "2"]
[White "juli1"]
[Black "powerrangel"]
[Result "1/2-1/2"]
[WhiteElo "2630"]
[BlackElo "2568"]

1. d4 Nf6 2. c4 e6 3. Nc3 Bb4 4. Qc2 d5 5. a3 Bxc3+ 6. Qxc3 Ne4 7. Qc2 O-O 8.
Nf3 Nd6 9. c5 Ne4 10. Bf4 b6 11. e3 bxc5 12. dxc5 Nd7 13. Rd1 Qe7 14. h3 a5 15.
b4 axb4 16. axb4 e5 17. Bh2 c6 18. Nd2 Nxd2 19. Qxd2 Qg5 20. Bg3 f5 21. Be2 Nf6
22. h4 Qg6 23. h5 Qg5 24. Bf3 Ne4 25. Bxe4 dxe4 26. Rh4 h6 27. Kf1 Be6 28. Qc1
Rfd8 29. Rd6 Qe7 30. Kg1 Rxd6 31. cxd6 Qxd6 32. Kh2 Bf7 33. Qb2 Re8 34. b5 Qf6
35. Qb4 cxb5 36. Qxb5 Qg5 37. Qe2 Kh8 38. Kg1 Kh7 39. Kh2 Rb8 40. Rh3 Qe7 41.
Qc2 Qe8 42. Qd1 Rb5 43. Rh4 Rd5 44. Qe2 Qa4 45. Qb2 Qb5 46. Qxb5 Rxb5 47. f3
exf3 48. gxf3 Kg8 49. Kg2 Ra5 50. Bf2 Ra6 51. Kg3 Kh7 52. Be1 Ra3 53. Kf2 Ra2+
54. Kg3 Ra3 1/2-1/2

[Event "Nicaragua Open"]
[Site "http://www.queenalice.com/game.php?id=1330501"]
[Date "2014.12.25"]
[Round "3"]
[White "KHIM"]
[Black "juli1"]
[Result "1/2-1/2"]
[WhiteElo "2499"]
[BlackElo "2622"]

1. c4 g6 2. Nf3 Nf6 3. Nc3 d5 4. cxd5 Nxd5 5. e4 Nxc3 6. bxc3 Bg7 7. Be2 c5 8.
O-O Nc6 9. Qa4 O-O 10. Ba3 Bg4 11. Rfd1 Bd7 12. Qc4 b6 13. d4 cxd4 14. cxd4 Rc8
15. Qd3 Bg4 16. e5 Bxf3 17. Bxf3 Qxd4 18. Qxd4 Nxd4 19. Rxd4 Bxe5 20. Rdd1 Bxa1
21. Rxa1 Rfe8 22. Bc1 Rc3 23. a4 Rd8 24. h4 Rdd3 25. Be2 Rd5 26. Be3 f5 27. Bf3
Rdd3 28. a5 Ra3 29. Rc1 Rac3 30. Rxc3 Rxc3 31. axb6 axb6 32. Bxb6 Rc1+ 33. Kh2
Kf7 34. Be3 Rc8 35. Kg1 e5 36. Kf1 Ke6 37. Bd2 Rb8 38. Ke1 e4 39. Bd1 Kd5 40.
Be3 Kc4 41. Be2+ Kd5 42. Ba6 Rb2 43. g3 Ra2 44. Bc8 Rc2 45. Bd7 Ra2 46. Kf1
1/2-1/2

[Event "AUTO-ELITE-1390"]
[Site "http://www.queenalice.com/game.php?id=1344717"]
[Date "2015.2.28"]
[Round "2"]
[White "Chuzete"]
[Black "juli1"]
[Result "0-1"]
[WhiteElo "2406"]
[BlackElo "2632"]

1. e4 c5 2. Nf3 e6 3. d4 cxd4 4. Nxd4 a6 5. Nc3 Nc6 6. g3 Qc7 7. Bg2 Nf6 8. O-O
Nxd4 9. Qxd4 Bc5 10. Bf4 d6 11. Qd2 h6 12. Rad1 e5 13. Be3 Be6 14. Bxc5 dxc5 15.
Nd5 Bxd5 16. exd5 Qd6 17. f4 O-O 18. fxe5 Qxe5 19. c4 Rfe8 20. b3 Qd6 21. a4
Rab8 22. Rde1 b5 23. Rxe8+ Rxe8 24. axb5 axb5 25. Re1 Rxe1+ 26. Qxe1 bxc4 27.
bxc4 Kf8 28. Qf2 g6 29. Bh3 h5 30. Qe3 Qe7 31. Qc3 Kg8 32. Bf1 Nd7 33. Kg2 h4
34. Qf3 hxg3 35. hxg3 Kg7 36. Be2 Qe5 37. g4 Qd4 38. Qf2 Qd2 39. Kf1 f6 40. Qe1
Qf4+ 41. Qf2 Qg5 42. Qg1 Qd2 43. Qf2 g5 44. Qf5 Qf4+ 45. Kg2 Qxf5 46. gxf5 Kf7
47. Kf3 Ne5+ 0-1

[Event "AUTO-ELITE-1390"]
[Site "http://www.queenalice.com/game.php?id=1344718"]
[Date "2015.2.28"]
[Round "2"]
[White "juli1"]
[Black "Chuzete"]
[Result "1-0"]
[WhiteElo "2624"]
[BlackElo "2450"]

1. d4 Nf6 2. c4 g6 3. Nf3 Bg7 4. g3 O-O 5. Bg2 d6 6. Nc3 Nc6 7. O-O Bf5 8. Ne1
Bd7 9. e4 e5 10. d5 Nd4 11. Nc2 Nxc2 12. Qxc2 a6 13. Bg5 h6 14. Bd2 Qe7 15. a3
Rfc8 16. Qd3 Rab8 17. a4 c6 18. b3 cxd5 19. Nxd5 Nxd5 20. Qxd5 Be6 21. Qd3 Rc6
22. h4 b6 23. Rfd1 Qb7 24. Be3 Bg4 25. Rd2 h5 26. Kh2 Bf8 27. Bh3 Bxh3 28. Kxh3
Kh7 29. Qd5 Bh6 30. Rf1 Rf8 31. Bxh6 Kxh6 32. f4 exf4 33. Rxf4 f6 34. Rdf2 Qc8+
35. g4 Rc5 36. Qxd6 Rc6 37. Qd2 1-0

[Event "AUTO-ELITE-1425"]
[Site "http://www.queenalice.com/game.php?id=1356198"]
[Date "2015.4.28"]
[Round "2"]
[White "juli1"]
[Black "colombHouse"]
[Result "1/2-1/2"]
[WhiteElo "2634"]
[BlackElo "2549"]

1. c4 e5 2. Nc3 Nc6 3. Nf3 Nf6 4. g3 d5 5. cxd5 Nxd5 6. Bg2 Nf6 7. O-O Be7 8. d3
O-O 9. b3 Bg4 10. Bb2 Qd7 11. Rc1 Rad8 12. Na4 Rfe8 13. Nxe5 Nxe5 14. Bxe5 Nd5
15. Qd2 Ba3 16. Qg5 g6 17. Ba1 Qf5 18. Qxf5 gxf5 19. f3 Bh5 1/2-1/2

[Event "AUTO-ELITE-1425"]
[Site "http://www.queenalice.com/game.php?id=1356199"]
[Date "2015.4.28"]
[Round "2"]
[White "colombHouse"]
[Black "juli1"]
[Result "1-0"]
[WhiteElo "2560"]
[BlackElo "2595"]

1. d4 c5 2. d5 Nf6 3. Nc3 g6 4. e4 d6 5. f4 Bg7 6. Bb5+ Nfd7 7. Be2 O-O 8. Nf3
Na6 9. O-O Nc7 10. a4 Na6 11. Re1 Nc7 12. Be3 a6 13. Bd3 Rb8 14. Qe2 b6 15. Nd1
b5 16. c3 Nb6 17. a5 Nd7 18. h3 Bb7 19. Nf2 Ba8 20. h4 Nf6 21. Bc2 Qd7 22. Qd2
1-0

[Event "Challenge"]
[Site "http://www.queenalice.com/game.php?id=1356286"]
[Date "2015.4.28"]
[Round "-"]
[White "glaubergouveia"]
[Black "juli1"]
[Result "0-1"]
[WhiteElo "1503"]
[BlackElo "2629"]

1. e4 e6 2. Qe2 c5 3. c4 Nc6 4. Nc3 Nd4 5. Qd3 Ne7 6. b3 Nec6 7. Bb2 Nb4 8. Qb1
Ndc2+ 9. Kd1 Nxa1 10. Qxa1 b6 11. Ba3 Be7 12. Bxb4 cxb4 13. Nb5 O-O 14. Ne2 Bb7
15. Nf4 f6 16. Bd3 Bc5 17. Re1 a6 18. Nd4 e5 19. Nfe2 exd4 20. Qb1 Qe7 21. Qb2
Qe5 22. f4 Qh5 23. Kc2 Rae8 24. Nxd4 Qxh2 25. e5 Qxf4 26. Ne2 Qxe5 27. Qxe5 fxe5
28. Rh1 e4 29. Re1 exd3+ 0-1

[Event "AUTO-ELITE-1500"]
[Site "http://www.queenalice.com/game.php?id=1361135"]
[Date "2015.5.22"]
[Round "1"]
[White "headhunter"]
[Black "juli1"]
[Result "1-0"]
[WhiteElo "2653"]
[BlackElo "2586"]

1. e4 e6 2. d4 c5 3. Nf3 cxd4 4. Nxd4 Nc6 5. Nc3 Qc7 6. Be3 a6 7. Qd2 Nf6 8.
O-O-O Bb4 9. f3 Ne5 10. Nb3 b5 11. Qe1 Be7 12. f4 Ng6 13. e5 Ng4 14. Ne4 Nxe3
15. Qxe3 1-0

[Event "AUTO-ELITE-1500"]
[Site "http://www.queenalice.com/game.php?id=1361136"]
[Date "2015.5.22"]
[Round "1"]
[White "juli1"]
[Black "headhunter"]
[Result "0-1"]
[WhiteElo "2579"]
[BlackElo "2660"]

1. d4 d5 2. Nf3 Nf6 3. c4 c6 4. Nc3 e6 5. e3 Nbd7 6. Qc2 Bd6 7. Bd3 O-O 8. O-O
dxc4 9. Bxc4 a6 10. Rd1 b5 11. Be2 Qc7 12. Ne4 Nxe4 13. Qxe4 e5 14. Qd3 exd4 0-1

[Event "AUTO-ELITE-1500"]
[Site "http://www.queenalice.com/game.php?id=1361139"]
[Date "2015.5.22"]
[Round "1"]
[White "jiba45"]
[Black "juli1"]
[Result "0-1"]
[WhiteElo "2358"]
[BlackElo "2626"]

1. e4 c5 2. Nf3 Nc6 3. c3 Nf6 4. e5 Nd5 5. Bc4 Nb6 6. Bb3 d5 7. exd6 Qxd6 8. O-O
Be6 9. Na3 Bxb3 10. axb3 Qd3 11. Re1 e6 12. Re3 Qd7 13. Nc4 Nxc4 14. bxc4 Rd8
15. Ne1 Bd6 16. Qg4 O-O 17. d3 f5 18. Qe2 Rf6 19. b3 Rh6 20. g3 e5 21. Qf3 Bc7
22. h4 f4 23. Re4 Rg6 24. Qg2 Rf8 25. Ba3 Bd6 26. Nf3 Qf5 27. Nh2 h5 28. Kh1 Be7
29. Rg1 Qd7 30. Ree1 Rd8 31. Rd1 Qf5 32. Qf1 Na5 33. b4 cxb4 34. cxb4 Nc6 35.
gxf4 Rxg1+ 36. Kxg1 Rd4 37. Bc1 Nxb4 38. fxe5 Nxd3 39. Be3 Qg6+ 40. Kh1 Qe4+ 41.
Kg1 Rd7 42. Bxa7 Bxh4 0-1

[Event "AUTO-ELITE-1500"]
[Site "http://www.queenalice.com/game.php?id=1361140"]
[Date "2015.5.22"]
[Round "1"]
[White "juli1"]
[Black "jiba45"]
[Result "1-0"]
[WhiteElo "2571"]
[BlackElo "2172"]

1. d4 Nf6 2. Nf3 d5 3. c4 c6 4. Nc3 dxc4 5. a4 Na6 6. e4 Bg4 7. Bxc4 Bxf3 8.
gxf3 e6 9. Be3 Nb4 10. O-O Be7 11. a5 O-O 12. Qb3 b5 13. axb6 axb6 14. Ra3 b5
15. Be2 Na6 16. Ra2 Qd7 17. Rfa1 Nc7 18. Rxa8 Rxa8 19. Rxa8+ Nxa8 20. Na2 h6 21.
Nc1 Nc7 22. Qa2 Qc8 23. Nd3 Qa6 24. Qb3 Qb7 25. Qc2 Nd7 26. f4 Na6 27. Qc3 Nf6
28. Bf3 Nb8 29. Kg2 Bd8 30. Ne5 Bc7 31. Qa3 b4 32. Qd3 Bxe5 33. dxe5 Nfd7 34.
Qd6 Nf8 35. f5 Nbd7 36. Bg4 c5 37. f3 exf5 38. exf5 Qb5 39. Kf2 c4 40. e6 c3 41.
bxc3 b3 42. Bd4 b2 43. c4 Qb7 44. Qe7 f6 45. exd7 1-0

[Event "AUTO-ELITE-1421"]
[Site "http://www.queenalice.com/game.php?id=1364123"]
[Date "2015.6.8"]
[Round "2"]
[White "juli1"]
[Black "rsgaspar"]
[Result "1/2-1/2"]
[WhiteElo "2635"]
[BlackElo "2444"]

1. d4 d5 2. c4 e6 3. Nc3 c6 4. e3 Nf6 5. Nf3 Be7 6. Bd3 dxc4 7. Bxc4 c5 8. O-O
cxd4 9. exd4 Nc6 10. a3 O-O 11. Re1 Qc7 12. Nb5 Qd8 13. Bf4 a6 14. Nc3 b5 15. d5
exd5 16. Bxd5 Bb7 17. Ba2 Rc8 18. Qe2 Bc5 19. Rad1 Qb6 20. Nd5 Nxd5 21. Bxd5 Ne7
22. Bxb7 Qxb7 23. b4 Ng6 24. Bg3 Bb6 25. h4 Bc7 26. Bxc7 Qxc7 27. g3 Rfd8 28. h5
Rxd1 29. Rxd1 Nf8 30. h6 gxh6 31. Nh4 Rd8 32. Nf5 Rxd1+ 33. Qxd1 Qe5 34. Nxh6+
Kg7 35. Ng4 Qc3 36. Ne3 Ne6 37. Qg4+ Kf8 38. Qe4 Qxa3 39. Nd5 Qa1+ 40. Kg2 Qd4
41. Qf5 h6 42. Kh3 Ng5+ 43. Kg2 Kg7 44. Kh2 Qc4 45. Qe5+ Kh7 46. Qf5+ Kg8 47.
Kg2 Kg7 48. Qe5+ Kg6 49. Qf6+ Kh7 50. Qf5+ Kg8 1/2-1/2

[Event "AUTO-ELITE-1421"]
[Site "http://www.queenalice.com/game.php?id=1364124"]
[Date "2015.6.8"]
[Round "2"]
[White "rsgaspar"]
[Black "juli1"]
[Result "1-0"]
[WhiteElo "2456"]
[BlackElo "2623"]

1. e4 d6 2. Nf3 c5 3. Bc4 Nf6 4. Nc3 e6 5. O-O Be7 6. d4 cxd4 7. Nxd4 a6 8. Qf3
Qc7 9. Be2 b5 10. a3 Bb7 11. Qg3 Nbd7 12. Rd1 Rc8 13. Bg5 O-O 14. Bh6 Ne8 15.
Be3 Ne5 16. Nf3 Ng6 17. Bd3 Nf6 18. Rac1 Rfe8 19. Re1 Qd7 20. Qh3 Bd8 21. Rcd1
h6 22. Bc1 Qc7 23. Nd4 Qe7 24. Nb3 Bb6 25. Be3 Bc7 26. f3 Red8 27. Bd4 Nd7 28.
Be3 Bb6 29. Qg3 Bxe3+ 30. Rxe3 Nb6 31. Ree1 Ne5 32. Na5 Ba8 33. Bf1 Qc7 34. f4
Ned7 35. Nb3 Na4 36. Nxa4 bxa4 37. Nd4 Qb6 38. Qe3 Nc5 39. Bc4 Rc7 40. e5 dxe5
41. Nf3 Rxd1 42. Rxd1 exf4 43. Rd8+ Kh7 44. Qe5 Nd7+ 45. Qd4 Rxc4 46. Qxb6 1-0

[Event "AUTO-ELITE-1509"]
[Site "http://www.queenalice.com/game.php?id=1364433"]
[Date "2015.6.9"]
[Round "1"]
[White "juli1"]
[Black "grotegeest"]
[Result "0-1"]
[WhiteElo "2612"]
[BlackElo "2570"]

1. d4 Nf6 2. Nc3 d5 3. Bg5 Nbd7 4. Nf3 g6 5. e3 Bg7 6. Bd3 O-O 7. O-O c5 8. Re1
b6 9. a4 a6 10. a5 c4 11. Be2 b5 0-1

[Event "AUTO-ELITE-1509"]
[Site "http://www.queenalice.com/game.php?id=1364434"]
[Date "2015.6.9"]
[Round "1"]
[White "grotegeest"]
[Black "juli1"]
[Result "1-0"]
[WhiteElo "2579"]
[BlackElo "2603"]

1. e4 d5 2. exd5 Qxd5 3. Nc3 Qa5 4. d4 Nf6 5. Nf3 c6 6. Bc4 Bf5 7. Bd2 e6 8. Nd5
Qd8 9. Nxf6+ gxf6 10. O-O Nd7 11. Re1 Rg8 12. Bf4 1-0

[Event "AUTO-ELITE-1229"]
[Site "http://www.queenalice.com/game.php?id=1365411"]
[Date "2015.6.13"]
[Round "3"]
[White "juli1"]
[Black "Puska"]
[Result "1-0"]
[WhiteElo "2563"]
[BlackElo "2575"]

1. d4 Nf6 2. Nc3 d5 3. Bg5 c5 4. e3 e6 5. Nf3 Nc6 6. Bb5 Bd7 7. O-O cxd4 8. exd4
Be7 9. Bxc6 Bxc6 10. Ne5 O-O 11. Qd3 h6 12. Bh4 Nd7 13. Bxe7 Nxe5 14. Bxd8 Nxd3
15. Be7 Rfe8 16. Ba3 Nf4 17. g3 Nh5 18. Rfe1 Nf6 19. f3 b6 20. Kg2 1-0

[Event "AUTO-ELITE-1229"]
[Site "http://www.queenalice.com/game.php?id=1365412"]
[Date "2015.6.13"]
[Round "3"]
[White "Puska"]
[Black "juli1"]
[Result "1-0"]
[WhiteElo "2616"]
[BlackElo "2631"]

1. d4 f5 2. g3 Nf6 3. Bg2 e6 4. c4 Be7 5. Nh3 O-O 6. O-O d6 7. b3 c6 8. Bb2 a5
9. Nf4 Qc7 10. Nd3 Nbd7 11. Nd2 e5 12. dxe5 Nxe5 13. Qc2 Bd7 14. e4 Nxd3 15.
Qxd3 1-0